BASIC BIOMECHANICS (Record no. 4329)

MARC details
000 -LEADER
fixed length control field 00361nam a2200145Ia 4500
008 - FIXED-LENGTH DATA ELEMENTS--GENERAL INFORMATION
fixed length control field 150201s1995 xx 000 0 und d
082 ## - DEWEY DECIMAL CLASSIFICATION NUMBER
Classification number 610.28
Item number B1995H
100 ## - MAIN ENTRY--PERSONAL NAME
Personal name HALL,SUSAN
245 ## - TITLE STATEMENT
Title BASIC BIOMECHANICS
250 ## - EDITION STATEMENT
Edition statement 2ND
260 ## - PUBLICATION, DISTRIBUTION, ETC. (IMPRINT)
Name of publisher, distributor, etc. Mc-GRAW-HILL L PUBLISHING
Place of publication, distribution, etc. BOSTON ( LONDON)
Date of publication, distribution, etc. 1995
300 ## - PHYSICAL DESCRIPTION
Extent 1-532
650 ## - SUBJECT ADDED ENTRY--TOPICAL TERM
Topical term or geographic name as entry element PHYSIOTHERAPY
942 ## - ADDED ENTRY ELEMENTS (KOHA)
Source of classification or shelving scheme Dewey Decimal Classification
Koha item type Books
Holdings
Withdrawn status Lost status Source of classification or shelving scheme Damaged status Not for loan Home library Current library Date acquired Source of acquisition Cost, normal purchase price Serial Enumeration / chronology SGTU Bill Number Total Checkouts Full call number Barcode Date last seen Bill Date Koha item type
    Dewey Decimal Classification     SGT Dental Library SGT Dental Library 03/07/2009 D.B.S.DELHI 800.00 1 SGTU 2463   610.28 B1995H FD5839 09/02/2015 23/02/2013 Books